00541nam a2200169Ia 4500008004100000040001900041041001200060082003900072100002300111245004500134260003800179300003800217504004900255650001900304651002800323850002000351131103s9999 xx 000 0 und d aLoreto College aEnglish a940.2/HAYbLCLIB/copy 2(Discarded) aHayes,Carlton J.H. aModern Europe to 1870cCarlton J.H.Hayes aNew YorkbThe Macmillan Co.c1939 axii,837 p.b ill.,chartsc 21 cm. aAnother Is Published by Surjeet Publications aModern History aEurope - Modern History aLCLIB/940.2/HAY